• 首页
  • 本馆介绍
  • 公告通知
  • 最新文献
  • 馆藏检索
  • 电子资源
  • 读者导购
  • 参考咨询
  • 我的图书馆
  • 登录
  • 详细信息显示
  • 放入我的书架
  • 预约/预借图书
  • 作者相关作品
  • 分类相关作品
  • 丛书相关作品
  • 出版社相关作品

书目信息

  • 表格格式
  • 工作单格式
  • 卡片格式
题名:
单片无线收发集成电路原理与应用
    
 
作者: 黄智伟 编著
分册:  
出版信息: 北京   人民邮电出版社  2005
页数: 330页
开本: 26cm
丛书名:
单 册:
中图分类: TN43
科图分类:
主题词: 单片电路--集成电路 , 集成电路
电子资源:
ISBN: 7-115-13425-1
000 00947nam0 2200241 450
001 012003985797
005 20070807162733.39
010    @a7-115-13425-1@dCNY33.00
100    @a20050929d2005 em y0chiy0110 ea
101 0  @achi
102    @aCN@b110000
105    @ak z 000yy
106    @ar
200 1  @a单片无线收发集成电路原理与应用@Adan pian wu xian shou fa ji cheng dian lu yuan li yu ying yong@f黄智伟编著@Fhuang zhi wei bian zhu
210    @a北京@c人民邮电出版社@d2005
215    @a330页@c表@d26cm
330    @a本书详细介绍了频率范围覆盖2.4GHz、915MHz、868MHz、433MHz、315MHz、27MHz和13.56MHz的单片无线发射集成电路、单片无线接收集成电路、单片无线收发集成电路、单片RFID收发集成电路,内容涉及这些集成电路的技术特性、内部结构、工作原理、应用电路与印制板设计。
606 0  @a单片电路@x集成电路
606 0  @a集成电路
690    @aTN43@v4
701  0 @a黄智伟@Ahuang zhi wei@4编著
801  0 @aCN@b110019@c20070807
905    @dTN43@e115@f1
    
    单片无线收发集成电路原理与应用/黄智伟编著.-北京:人民邮电出版社,2005
    330页:表;26cm
    
    
    ISBN 7-115-13425-1:CNY33.00
    本书详细介绍了频率范围覆盖2.4GHz、915MHz、868MHz、433MHz、315MHz、27MHz和13.56MHz的单片无线发射集成电路、单片无线接收集成电路、单片无线收发集成电路、单片RFID收发集成电路,内容涉及这些集成电路的技术特性、内部结构、工作原理、应用电路与印制板设计。
●
相关链接 在E读中查询图书 在五车中查询图书 在当当中查询图书 在豆瓣中查询图书


正题名:单片无线收发集成电路原理与应用     索取号:TN43/115         预约/预借

序号 登录号 条形码 馆藏地/架位号 状态 备注
1 0853552   208535520   第二样本阅览室/ [索取号:TN43/115] 在馆    
唐山师范学院图书馆 欢迎您!
大连网信软件有限公司© 版权所有